书目信息 |
| 题名: |
婚姻家庭与继承法学原理
|
|
| 作者: | 夏吟兰 主编 | |
| 分册: | ||
| 出版信息: | 北京 中国政法大学出版社 1999.04 |
|
| 页数: | 424页 | |
| 开本: | 32开 | |
| 丛书名: | ||
| 单 册: | ||
| 中图分类: | D923.91 | |
| 科图分类: | ||
| 主题词: | 法律--中国 | |
| 电子资源: | ||
| ISBN: | 7-5620-1838-3 | |
| 000 | 00582nam0 2200193 45 | |
| 001 | 0010241193 | |
| 005 | 20001024110850.7 | |
| 010 | @a7-5620-1838-3@d16.50元 | |
| 100 | @a20001024d1999 km y0chiy0120 ea | |
| 101 | 0 | @achi |
| 105 | @a z 000yy | |
| 200 | 1 | @a婚姻家庭与继承法学原理@AHun Yin Jia Ting Yu Ji Cheng Fa Xue Yuan Li@f夏吟兰主编@FXia Yin Lan Zhu Bian |
| 210 | @a北京@c中国政法大学出版社@d1999.04 | |
| 215 | @a424页@d32开 | |
| 606 | 0 | @a法律@x中国 |
| 690 | @aD923.91@v3 | |
| 701 | 0 | @a夏吟兰@4主编 |
| 801 | @aCN@bPftUser@c20001024 | |
| 905 | @b186013-017@dD923.91@eX465@f5 | |
| 婚姻家庭与继承法学原理/夏吟兰主编.-北京:中国政法大学出版社,1999.04 |
| 424页;32开 |
| ISBN 7-5620-1838-3:16.50元 |
| ● |
| 相关链接 |
|
|
|
正题名:婚姻家庭与继承法学原理
索取号:D923.91/X465
 
预约/预借
| 序号 | 登录号 | 条形码 | 馆藏地/架位号 | 状态 | 备注 |
| 1 | 186013 | 201860138 | 社科库509/509社科库 95排2列4层/ [索取号:D923.91/X465] | 在馆 | |
| 2 | 186014 | 201860147 | 社科库509/509社科库 95排2列4层/ [索取号:D923.91/X465] | 在馆 | |
| 3 | 186015 | 201860156 | 社科库509/509社科库 95排2列4层/ [索取号:D923.91/X465] | 在馆 | |
| 4 | 186016 | 201860165 | 社科库509/509社科库 95排2列4层/ [索取号:D923.91/X465] | 在馆 | |
| 5 | 186017 | 201860174 | 社科库509/509社科库 95排2列4层/ [索取号:D923.91/X465] | 在馆 |